<?xml version="1.0" encoding="UTF-8"?><?xml-stylesheet type="text/xsl" href="static/style.xsl"?><OAI-PMH xmlns="http://www.openarchives.org/OAI/2.0/" xmlns:xsi="http://www.w3.org/2001/XMLSchema-instance" xsi:schemaLocation="http://www.openarchives.org/OAI/2.0/ http://www.openarchives.org/OAI/2.0/OAI-PMH.xsd"><responseDate>2026-04-13T04:56:09Z</responseDate><request verb="GetRecord" identifier="oai:www.recercat.cat:10459.1/72187" metadataPrefix="marc">https://recercat.cat/oai/request</request><GetRecord><record><header><identifier>oai:recercat.cat:10459.1/72187</identifier><datestamp>2024-12-05T23:04:29Z</datestamp><setSpec>com_2072_3622</setSpec><setSpec>col_2072_478537</setSpec></header><metadata><record xmlns="http://www.loc.gov/MARC21/slim" xmlns:dcterms="http://purl.org/dc/terms/" xmlns:xsi="http://www.w3.org/2001/XMLSchema-instance" xmlns:doc="http://www.lyncode.com/xoai" xsi:schemaLocation="http://www.loc.gov/MARC21/slim http://www.loc.gov/standards/marcxml/schema/MARC21slim.xsd">
   <leader>00925njm 22002777a 4500</leader>
   <datafield ind2=" " ind1=" " tag="042">
      <subfield code="a">dc</subfield>
   </datafield>
   <datafield ind2=" " ind1=" " tag="720">
      <subfield code="a">Canals Fonollar, Tomeu</subfield>
      <subfield code="e">author</subfield>
   </datafield>
   <datafield ind2=" " ind1=" " tag="260">
      <subfield code="c">2021-11-02T10:11:38Z</subfield>
   </datafield>
   <datafield ind2=" " ind1=" " tag="260">
      <subfield code="c">2021-11-02T10:11:38Z</subfield>
   </datafield>
   <datafield ind2=" " ind1=" " tag="260">
      <subfield code="c">2021</subfield>
   </datafield>
   <datafield ind2=" " ind1=" " tag="520">
      <subfield code="a">La finca de Son Bernadas es troba immersa dintre de l’escenari de recessió de l’activitat agroforestal que han sofert aquestes últimes dècades moltes finques de les Illes Balears. Atenent que les plantes aromàtiques i medicinals s’han vist des de temps enrere com a una  alternativa  agrícola  als  cultius  tradicionals, s’ha analitzat la  viabilitat  de  producció d’aquestes plantes a la finca. L’anàlisi de la superfície disponible per al cultiu, el tipus de sòl, l’inventari  de  plantes  aromàtiques  i  medicinals  de  la  zona,  la  climatologia,  els recursos  disponibles  i  les  necessitats  de  mercat han  permès  plantejar tres alternatives diferents, dues enfocades al cultiu de plantes aromàtiques i una acontinuar amb el cultiu actual de cereal de secà. L’anàlisi financer ha demostrat que el cultiu d’aromàtiques és més rentable que el cultiu actual de cereal de secà, especialment si es dedica a la producció de poques espècies i venda a granel, podent aconseguir un valor actual net de la inversió de 212.577€ i una taxa interna de retorn del 67%en un cicle d’11 anys. És així com es confirma la viabilitat de producció d’aromàtiques a la finca de Son Bernadas.</subfield>
   </datafield>
   <datafield ind1="8" ind2=" " tag="024">
      <subfield code="a">http://hdl.handle.net/10459.1/72187</subfield>
   </datafield>
   <datafield tag="653" ind2=" " ind1=" ">
      <subfield code="a">Alternativa agrícola</subfield>
   </datafield>
   <datafield tag="653" ind2=" " ind1=" ">
      <subfield code="a">Herba seca</subfield>
   </datafield>
   <datafield tag="653" ind2=" " ind1=" ">
      <subfield code="a">Productes forestals no fustaners</subfield>
   </datafield>
   <datafield tag="653" ind2=" " ind1=" ">
      <subfield code="a">Plantes aromàtiques</subfield>
   </datafield>
   <datafield tag="653" ind2=" " ind1=" ">
      <subfield code="a">Plantes--Necessitats d'aigua</subfield>
   </datafield>
   <datafield tag="653" ind2=" " ind1=" ">
      <subfield code="a">Agricultura sostenible</subfield>
   </datafield>
   <datafield ind2="0" ind1="0" tag="245">
      <subfield code="a">Estudi de viabilitat de producció de plantes aromàtiques i medicinals a la finca de Son Bernadas,Orient (Mallorca)</subfield>
   </datafield>
</record></metadata></record></GetRecord></OAI-PMH>